| 000 | 00870nam a2200277Ia 4500 | ||
|---|---|---|---|
| 001 | 6196 | ||
| 005 | 20260217144053.0 | ||
| 008 | 160825s2004 ck g 000 0 spa | ||
| 020 | _a9587040880 | ||
| 020 | _a9789587040883 | ||
| 040 |
_aCO-BoRNBP _bspa _erda _cCO-BoRNBP |
||
| 084 | _aN MON8 | ||
| 100 | 1 |
_aMontero, Rosa _d1951- _968860 |
|
| 245 | 1 | 3 |
_aLa loca de la casa _cRosa Montero |
| 250 |
_a1a. edición _b2a. reimpresión |
||
| 264 |
_aBogotá _bAlfaguara _c2004 |
||
| 300 |
_a271 páginas _c23 cm |
||
| 336 |
_atexto _btxt _2rdacontent |
||
| 337 |
_asin mediación _bn _2rdamedia |
||
| 338 |
_avolumen _bnc _2rdacarrier |
||
| 650 | 1 | 4 |
_2LEMB _aNovela española _ySiglo XX _9562 |
| 650 | 1 | 4 |
_2LEMB _aLiteratura española _ySiglo XX _9563 |
| 650 | 1 | 4 |
_2LEMB _aAmor en la literatura _969 |
| 650 | 1 | 4 |
_2LEMB _aRecuerdos en la literatura _968861 |
| 942 |
_2loc _cBKLIT |
||
| 999 |
_c6196 _d6196 |
||